000 00581nam a22002057a 4500
003 OSt
005 20180928152554.0
008 180928b xxu||||| |||| 00| 0 eng d
020 _a9780853696896
040 _cDNLM
082 _aQV737 W72p 2007
100 _aWingfield, Joy; Badcott, David
_912685
245 _aPharmacy Ethics and Decision Making
260 _aLondon; Pharmaceutical Press, 2007
300 _axx, 313p; ill: 24cm
504 _aBibliography, & index included
650 _aPharmacy Ethics
_911953
650 _aPharmacy management
_91569
942 _2z
_cSLOAN
999 _c6137
_d6137